Statistics for European Countries with Letter D

Click here to take the quiz!

General Stats

  • This quiz has been taken 135 times
  • The average score is 10 of 13

Answer Stats

Country% Correct
Denmark
94%
Iceland
87%
Ireland
87%
Netherlands
85%
United Kingdom
85%
Poland
84%
Finland
82%
Sweden
78%
Switzerland
78%
Andorra
74%
Macedonia
59%
Moldova
53%
Bosnia and Herzegovina
35%

Score Distribution

Percentile by Number Answered

Percent of People with Each Score

Your Score History

You have not taken this quiz